00461nam a2200169 a 450000100060000000300090000600800410001502000150005604000280007108200140009910000280011324500120014126000580015330000160021149000410022765000230026816774CO-ViMGA141112s2004 ck r 000 u spa d a9582813962 aCO-ViMGAbspacCO-ViMGA04a340 V153d1 aValencia Cuellar, Jorge10aDerecho aBogotá, cIntermedio, ccirculo de lectores, c2003 a208.p.fotos aBiblioteca de humanidades para todos14aDERECHO - HISTORIA